[Event "Ciutat Barcelona CAT-ARG 2018"]
[Site "Barcelona"]
[Date "2018.10.14"]
[Round "8"]
[White "Peralta, Fernando"]
[Black "Alonso Rosell, Alvar"]
[Result "1/2-1/2"]
[WhiteElo "2582"]
[BlackElo "2526"]
[Annotator "TA"]
[PlyCount "83"]
[EventDate "2018.10.08"]
[EventCountry "ESP"]
[SourceTitle "playchess.com"]
[Source "ChessBase"]
[SourceQuality "1"]

{[%evp 15,83,23,30,31,23,0,0,0,12,15,30,27,43,33,54,49,30,47,31,45,24,16,21,5,30,17,48,35,43,40,38,0,44,0,196,180,196,161,290,293,288,282,288,275,361,360,323,117,109,109,128,0,0,0,152,97,97,97,304,14,35,24,214,129,111,0,0,0,0,0]} 1. d4 f5 2. g3 Nf6 3. Bg2 e6 4. c4 d5 5. Nh3 Bd6 6. O-O O-O 7. Qc2 c6 8. Nd2 b6 9. Nf3 {A90: Dutch Defence: Miscellaneous and Modern Stonewall (with ...Bd6)} Ne4 10. Nf4 (10. Bf4 Bb7 11. Bxd6 Qxd6 12. Rac1 Nd7 13. b3 a5 14. Qb2 Qe7 15. Nf4 Rfc8 16. h4 Ba6 {1-0 (61) Nenezic,M (2506)-Sedlak,N (2608) Niksic 2018}) 10... Qe7 11. Nd3 Ba6 12. cxd5 exd5 13. Bf4 c5 14. Bxd6 $146 ({Predecessor:} 14. Rfc1 c4 15. Bxd6 Qxd6 16. Nde5 b5 {1-0 (49) Zilberstein,V (2350)-Glek,I (2500) Blagoveshchensk 1988}) 14... Qxd6 15. dxc5 bxc5 16. Rfd1 Nd7 17. Nf4 Ndf6 18. h4 Rad8 19. Ng5 Rfe8 20. Rac1 c4 21. e3 h6 22. Nxe4 fxe4 23. Qa4 Bc8 {[#]} 24. Rxc4 $1 {[%mdl 512]} dxc4 $2 (24... Bg4 $11 {and Black stays safe.} 25. Rdd4 Qe7 26. Nxd5 Nxd5) 25. Rxd6 $18 Rxd6 26. Nh5 Re5 (26... Rf8 {was called for.}) 27. Qxc4+ Be6 28. Nxf6+ gxf6 29. Qa4 Rd2 30. Bxe4 {Qe8+ is the strong threat.} ({Don't take} 30. Qxa7 Bd5 $18) 30... Bf7 31. b3 $2 (31. Bc2 $18 {has better winning chances.}) 31... Rd1+ $16 {[#]} 32. Kh2 $1 {Threatens to win with Bg6!} Rd2 33. Kg1 {Strongly threatening Kf1.} Rd1+ $1 34. Kh2 $1 Rd2 {[#]} 35. g4 (35. Bf3 $142 $1) 35... Rxf2+ 36. Kg3 Re2 $2 (36... Rd2 $16) 37. Bf3 $2 (37. Kf3 $18 Re1 38. Qxa7) 37... R2xe3 $11 {aiming for ...Bd5.} 38. Kf2 ({But not} 38. Qxa7 $2 Bd5 $19) 38... a5 $2 (38... Rc3 $1 $11) 39. Qd4 a4 40. Qxe3 (40. Qxa4 $16 {Black must now prevent Qf4.} Rd3 41. Qf4) 40... Rxe3 41. Kxe3 axb3 42. axb3 {Precision: White = 58%, Black = 37%.} 1/2-1/2

[Event "Ciutat Barcelona CAT-ARG 2018"]
[Site "Barcelona"]
[Date "2018.10.14"]
[Round "8"]
[White "Lopez Martinez, Josep Manuel"]
[Black "Perez Ponsa, Federico"]
[Result "1-0"]
[WhiteElo "2581"]
[BlackElo "2554"]
[Annotator "TA"]
[PlyCount "123"]
[EventDate "2018.10.08"]
[EventCountry "ESP"]
[SourceTitle "playchess.com"]
[Source "ChessBase"]
[SourceQuality "1"]

{[%evp 29,123,35,54,12,81,77,77,70,74,74,175,170,178,180,338,330,327,187,201,155,155,155,155,116,116,116,116,116,110,114,116,102,102,102,102,102,143,142,159,143,143,142,148,133,150,135,189,182,196,196,195,196,206,200,182,182,168,172,503,520,592,586,585,575,530,527,808,808,782,775,4798,1044,1560,1033,1000,991,1022,1021,1343,847,779,656,656,641,614,630,613,609,538,494,950,900,1774,1699,1506,1053]} 1. d4 Nf6 2. c4 g6 3. Nc3 Bg7 4. e4 O-O 5. Be3 d6 6. h3 e5 7. d5 Na6 8. Nf3 Nc5 9. Nd2 a5 10. g4 c6 11. Be2 a4 {E92: King's Indian: Classical: 6 Be2 e5: 7 dxe5, 7 Be3 and Petrosian System without 7...Nbd7} 12. a3 (12. h4 Qa5 13. f3 a3 14. Qc2 axb2 15. Qxb2 h5 16. g5 Nfd7 17. O-O f6 18. Kg2 Qd8 19. Nb3 fxg5 20. hxg5 {½-½ (67) Nepomniachtchi,I (2757)-Grischuk,A (2766) chess.com INT 2018}) 12... Qa5 13. Kf1 Bd7 14. h4 {[%cal Bh3h4,Bh4h5][%mdl 32]} cxd5 15. cxd5 b5 {LiveBook: 5 Games} 16. h5 Rfc8 (16... h6 $11 {keeps the balance.}) 17. g5 $16 Ne8 {[#]} 18. Kg2 $146 ({Predecessor:} 18. hxg6 hxg6 19. Kg2 Rab8 {½-½ (44) Riazantsev,A (2646)-Chigaev,M (2526) Minsk 2015}) 18... Rab8 19. Na2 Nc7 (19... Qd8 $16) 20. hxg6 hxg6 {[#]} 21. Rh4 $1 Nb3 $2 (21... Kf8 22. Rc1 Ne8) 22. Nxb3 $18 axb3 23. Qxb3 (23. Nb4 $142) 23... Qa4 24. Qxa4 bxa4 25. Nb4 Nb5 26. Bxb5 Bxb5 27. Rhh1 f5 28. gxf6 $1 Bxf6 29. Rh6 Be8 30. Rah1 Bg7 31. R6h4 Bd7 32. Bg5 Kf7 33. Rh7 Rc4 34. Bh6 Rg8 35. Kf3 Kf6 36. Bxg7+ Rxg7 37. Ke3 Rc8 (37... Re7 $16 38. R7h2 Rc8) 38. Rh8 Rgg8 39. Rxg8 Rxg8 {[%mdl 4096] Endgame [#] KRB-KRN} 40. Rh7 $1 {[%cal Rh7d7]} Be8 41. Rb7 Rh8 42. Rb6 Ke7 43. Nc6+ Kf6 $2 (43... Bxc6 {is tougher.} 44. dxc6 Rh3+ 45. Kd2 Kd8) 44. Na5 {White is clearly winning.} Ke7 45. Nc4 Rh3+ 46. f3 g5 47. Rxd6 Bh5 48. Re6+ Kd8 49. Nxe5 g4 50. Rf6 g3 51. Rf8+ Ke7 52. Rg8 Rh2 53. Rxg3 Rxb2 54. Nc6+ Kd6 55. Kd4 Rd2+ 56. Kc4 Rc2+ 57. Kb4 Rb2+ 58. Kxa4 Kc5 59. f4 Rb5 (59... Re2 $142 60. Rc3+ Kd6) 60. Rg1 Be2 61. Rc1+ Kb6 62. Nb4 {Precision: White = 80%, Black = 43%.} 1-0

[Event "Ciutat Barcelona CAT-ARG 2018"]
[Site "Barcelona"]
[Date "2018.10.14"]
[Round "8"]
[White "Krysa, Leandro"]
[Black "Guerra Mendez, Jose Angel"]
[Result "0-1"]
[WhiteElo "2503"]
[BlackElo "2534"]
[Annotator "TA"]
[PlyCount "54"]
[EventDate "2018.10.08"]
[EventCountry "ESP"]
[SourceTitle "playchess.com"]
[Source "ChessBase"]
[SourceQuality "1"]

{[%evp 17,54,13,30,11,5,0,0,-8,0,-9,-4,-160,-102,-170,-168,-219,-197,-414,-424,-422,-395,-630,-632,-640,-622,-683,-683,-694,-690,-697,-698,-791,-760,-779,-764,-777,-768,-1727,-1695]} 1. d4 Nf6 2. c4 e6 3. Nc3 Bb4 4. Qc2 O-O 5. Nf3 c5 6. dxc5 Nc6 7. a3 Bxc5 8. Bg5 b6 9. e3 {E39: Nimzo-Indian: Classical: 4...c5 5 dxc5 0-0} Bb7 {LiveBook: 8 Games} 10. Bd3 h6 11. h4 {The position is equal.} (11. Bh4 Be7 12. O-O Rc8 13. Rfd1 Na5 14. Qe2 d5 15. cxd5 Nxd5 16. Nxd5 Bxd5 {1-0 (58) Van Wely,L (2675)-Van den Doel,E (2578) playchess.com INT 2011}) 11... Be7 12. O-O-O Rc8 13. Kb1 $1 Na5 $146 ({Predecessor:} 13... Qc7 14. Bxf6 Bxf6 15. Ne4 {1-0 (60) Babinetz,R (1930)-Radt Potjer,V Seefeld 1997}) 14. Nd2 $2 {[#]} (14. Bxf6 Bxf6 15. Nb5 d5 $17) ({White has to play} 14. Qe2 $1 $11) 14... d5 (14... Bxg2 15. Rhg1 $14) (14... Ng4 $142 $1 {[%cal Rg4f2]} 15. Bxe7 Qxe7) 15. g4 (15. f3 $17) 15... Nxg4 $19 16. Rhg1 (16. cxd5 {is a better defense.} Nxf2 17. Bxe7 Qxe7 18. e4) 16... f5 (16... Nxf2 17. Bxh6 Bf6 {[#]} 18. Rxg7+ $1 {[%mdl 512]} Bxg7 19. Rg1 $11) ({Inferior is} 16... Bxg5 17. hxg5 Qxg5 18. cxd5 $11) 17. f3 $2 (17. Bxe7 Qxe7 18. cxd5) 17... Bxg5 (17... hxg5 18. fxg4 f4 19. Bh7+ Kh8 20. hxg5 $17) 18. fxg4 Bxe3 19. gxf5 (19. Rge1 $142 Bxd2 20. Rxd2) 19... Bxg1 {Black is clearly winning.} 20. Rxg1 dxc4 21. Be4 Bxe4 22. Ndxe4 exf5 {[%cal Be6f5,Bf5e4][%mdl 32]} 23. Qg2 {[%csl Gg1][%cal Rg2g7]} Rc7 24. Ng3 Qxh4 25. Qd5+ Kh7 26. Ka2 Rcf7 27. Nce4 fxe4 {Precision: White = 21%, Black = 78%.} 0-1

[Event "Ciutat Barcelona CAT-ARG 2018"]
[Site "Barcelona"]
[Date "2018.10.14"]
[Round "8"]
[White "Diaz Camallonga, Carles"]
[Black "Pichot, Alan"]
[Result "0-1"]
[WhiteElo "2444"]
[BlackElo "2556"]
[Annotator "TA"]
[PlyCount "100"]
[EventDate "2018.10.08"]
[EventCountry "ESP"]
[SourceTitle "playchess.com"]
[Source "ChessBase"]
[SourceQuality "1"]

{[%evp 31,100,44,59,52,71,67,66,8,19,8,14,0,4,0,0,-24,0,-13,0,3,8,-129,113,85,121,76,66,48,135,136,130,129,128,133,176,0,0,0,0,-86,-55,-63,-63,-56,-16,-27,-14,-27,-32,-108,-119,-107,-91,-85,-8,-36,-22,-27,0,-22,4,-6,0,-18,-15,-93,-85,-150,-159,-760,-722]} 1. e4 c5 2. Nf3 Nc6 3. d4 cxd4 4. Nxd4 Nf6 5. Nc3 d6 6. Be2 e6 7. O-O Be7 8. Be3 O-O 9. f4 Qc7 10. Kh1 a6 11. a4 Bd7 12. Nb3 b6 13. Bf3 Rab8 14. g4 {[%cal Bg2g4,Bg4g5][%mdl 32]} Bc8 15. g5 {B85: Sicilian Scheveningen: 6 Be2 a6, lines with early Be3} Nd7 16. Bg2 Na5 {[%cal Bc6a5,Ba5c4,Bc4e3][%mdl 32] LiveBook: 9 Games} (16... Re8 17. Rf3 g6 18. Rh3 Bf8 19. Qe1 Bg7 20. Qh4 Nf8 21. f5 Bxc3 22. f6 h5 23. bxc3 e5 24. Rg3 Nd8 {1-0 (32) Vachier Lagrave,M (2758)-Movsesian,S (2658) Berlin 2015}) 17. Nd4 {White is slightly better.} Nc4 18. Bc1 Re8 19. b3 (19. f5 $14 Nde5 20. Qh5) 19... Ne3 $146 {[%cal Re3d1]} ({Predecessor:} 19... Na5 20. Bb2 Bb7 21. Qh5 {0-1 (38) Paramos Dominguez,R (2435)-Costa,F (2115) Loures 1998}) 20. Bxe3 {aiming for Qe1.} Qxc3 21. Rf3 Bb7 22. Rh3 g6 23. Bg1 Qc7 24. Qe1 e5 25. Qh4 $1 $36 {[%cal Rh4h7][%mdl 2048] Black is under pressure.} Nf8 26. f5 (26. Qh6 $1 $11) 26... h5 $2 (26... exd4 $17 {and life is bright.} 27. f6 Bxf6 $1 {[%mdl 512]} 28. gxf6 h5) 27. Ne2 $1 $16 Qxc2 28. Ng3 $1 {[%cal Rg3h5]} Qd2 ({But not} 28... Qxb3 $2 29. Nxh5 Qxh3 30. Qxh3 $18) 29. f6 Ne6 (29... Bc8 $1 $14) 30. Nxh5 $1 {Nf4! would kill now.} ({Weaker is} 30. fxe7 Nf4 $17) 30... Qxg5 ({Don't play} 30... gxh5 $6 31. Be3 $11) 31. Qxg5 Nxg5 32. fxe7 {And now Nf6+ would win.} Rxe7 33. Rg3 $2 ({White should try} 33. Nf6+ $18 Kg7 34. Rg3) 33... Nxe4 $11 34. Rg4 f5 35. Bxe4 (35. Ng3 $11 {remains equal.} fxg4 36. Nxe4) 35... Bxe4+ 36. Rxe4 fxe4 37. Nf6+ Kf7 (37... Kg7 $5 {[%cal Rg7f6]} 38. Nxe4 d5 $17) 38. Nxe4 d5 {[%cal Bd6d5,Bd5d4][%mdl 32]} 39. Rf1+ Kg7 40. Nc3 (40. Nf2 $15) 40... d4 $17 41. Ne4 Rc8 42. Bf2 {[#]} Rf8 (42... Rc2 $1 $17 {Strongly threatening ...Rf7.} 43. Kg1 Re2) 43. Re1 Rf3 44. Bh4 Re8 45. b4 (45. Kg2 $5 {[%cal Rg2f3]} Rxb3 46. Rc1 $15) 45... Rh8 46. Bg3 Re8 47. Kg2 Ra3 48. Nd6 {[#]} (48. b5 $11) 48... Re6 $1 49. Bxe5+ (49. Ne4 $142) 49... Kg8 50. Bg3 $2 {[#]} (50. a5 $17 bxa5 51. Nc4) 50... Rxg3+ $1 {[%mdl 512] Precision: White = 32%, Black = 43%.} 0-1

[Event "Ciutat Barcelona CAT-ARG 2018"]
[Site "Barcelona"]
[Date "2018.10.14"]
[Round "9"]
[White "Pichot, Alan"]
[Black "Lopez Martinez, Josep Manuel"]
[Result "1/2-1/2"]
[WhiteElo "2556"]
[BlackElo "2581"]
[Annotator "TA"]
[PlyCount "71"]
[EventDate "2018.10.08"]
[EventCountry "ESP"]
[SourceTitle "playchess.com"]
[Source "ChessBase"]
[SourceQuality "1"]

{[%evp 16,71,20,6,45,18,36,21,20,-17,32,35,48,10,19,14,27,26,30,35,19,32,27,8,6,-10,-10,-8,62,61,59,54,64,45,45,48,47,47,55,39,43,34,29,37,28,32,32,26,77,16,16,15,10,0,0,0,0,0]} 1. e4 e5 2. Nf3 Nc6 3. Bb5 Nf6 4. d3 d6 5. O-O Be7 6. c4 {C66: Ruy Lopez: Steinitz Defence} O-O 7. h3 a6 8. Ba4 Nd7 9. Be3 {LiveBook: 16 Games} Nb6 $146 ({Predecessor:} 9... Bf6 10. c5 Ne7 11. cxd6 cxd6 12. Nc3 b5 13. Bb3 Bb7 14. a3 Nc5 15. Ba2 {½-½ (24) Van Foreest,J (2629)-Amin,B (2693) Wijk aan Zee 2018}) 10. Bb3 Kh8 11. d4 Na5 12. Qd3 exd4 (12... f5 $5 {[%cal Rf5e4]} 13. Nc3 (13. dxe5 fxe4 14. Qxe4 Bf5 $11) 13... fxe4 14. Nxe4 Bxh3 $11) 13. Bxd4 {Qc3 is the strong threat.} c5 14. Qc3 cxd4 15. Qxa5 Be6 16. Na3 Bf6 17. Rfd1 Rc8 {[%cal Rb6c4]} 18. Nxd4 Bxc4 19. Nxc4 Nxc4 20. Qb4 b5 21. Rab1 $1 Be5 (21... d5 $11) 22. Nf3 $14 f6 23. Nxe5 fxe5 24. Bxc4 Rxc4 25. Qxd6 Qxd6 26. Rxd6 Rxe4 {[%mdl 4096] Endgame KRR-KRR} 27. Rbd1 h6 28. f3 (28. R6d2 {with more complications.} Rc4 29. b3 Rc5 30. Re2 Kg8 31. f3) 28... Re2 29. R1d2 Rxd2 30. Rxd2 {KR-KR} Rc8 31. Kf2 Rc4 (31... Rc1 $11) 32. Re2 ({White should try} 32. Ke3 $16) 32... Rc5 $1 $11 {The position is equal.} 33. Ke3 Kg8 34. Ke4 Kf7 35. f4 exf4 36. Kxf4 {Precision: White = 48%, Black = 49%.} 1/2-1/2

[Event "Ciutat Barcelona CAT-ARG 2018"]
[Site "Barcelona"]
[Date "2018.10.14"]
[Round "9"]
[White "Perez Ponsa, Federico"]
[Black "Guerra Mendez, Jose Angel"]
[Result "1-0"]
[WhiteElo "2554"]
[BlackElo "2534"]
[Annotator "TA"]
[PlyCount "86"]
[EventDate "2018.10.08"]
[EventCountry "ESP"]
[SourceTitle "playchess.com"]
[Source "ChessBase"]
[SourceQuality "1"]

{[%evp 22,86,2,7,3,7,8,4,7,6,24,12,41,29,37,23,27,26,31,5,61,67,63,62,82,76,116,94,80,90,131,124,143,163,166,166,167,170,227,0,0,0,0,-131,0,0,0,0,0,0,0,0,2,3,3,6,8,2,0,0,0,0,8,0,0,0,0]} 1. e4 e5 2. Nf3 Nc6 3. Bb5 a6 4. Ba4 Nf6 5. O-O Be7 6. d3 b5 7. Bb3 d6 8. a3 {C84: Spanische Partie (Mittelgambit)} Na5 (8... O-O 9. Nc3 Na5 10. Ba2 Be6 11. b4 Bxa2 12. Nxa2 Nc6 13. c4 Nd4 14. Nc3 Nxf3+ 15. Qxf3 c6 16. Bd2 Qc8 17. Rfb1 {1-0 (41) Nepomniachtchi,I (2768)-Wojtaszek,R (2727) Batumi 2018}) 9. Ba2 c5 10. Nc3 Be6 11. Bg5 O-O 12. Bxf6 {LiveBook: 12 Partien} Bxf6 13. Nd5 g6 14. c3 Nc6 15. b4 {[#]} cxb4 $146 ({Vorgänger:} 15... Bg7) 16. axb4 Bg7 17. Ne3 Bd7 18. Bd5 a5 19. bxa5 Rxa5 20. Qb3 Ne7 (20... Bh6 $11) 21. Qb4 $36 {[%mdl 2048] Weiss hat Druck.} Rxa1 22. Rxa1 Nxd5 23. Nxd5 Bg4 24. Qxb5 Bxf3 25. gxf3 Qg5+ 26. Kf1 Qh5 27. Ke2 Qxh2 28. Qd7 h5 29. Qxd6 h4 {[#]} (29... Qg2 {war angesagt.} 30. Nf6+ Bxf6 31. Qxf6 Qh2) 30. Ra7 $2 ({Weiss braucht} 30. c4 $1 $18) 30... Qg1 $11 31. Qd7 Qc1 32. Ne3 (32. Rc7 $11) 32... Qxc3 ({Besser ist} 32... Bh6 $17 {Weiss muss nun ...Lxe3 beachten.} 33. Nd5 Bd2) 33. Kf1 {Die Stellung ist ausgeglichen.} Qc8 (33... Bf6 {is more complex.} 34. Kg2 Qd2 35. Qg4 Qc1 36. Nd5 Bg5) 34. Kg2 Qxd7 35. Rxd7 {[%mdl 4096] Endspiel KTL-KTS} Ra8 36. Kh3 Ra2 37. Kxh4 Rxf2 38. Kg3 Rd2 39. Nc4 Rd1 40. Kf2 Ra1 41. Nd6 Ra2+ 42. Kg3 Bh6 43. Rxf7 Rd2 {[%mdl 32768] Precision: Weiß = 72%, Schwarz = 64%. . Loss on Time!?} 1-0

[Event "Ciutat Barcelona CAT-ARG 2018"]
[Site "Barcelona"]
[Date "2018.10.14"]
[Round "9"]
[White "Alonso Rosell, Alvar"]
[Black "Mareco, Sandro"]
[Result "1/2-1/2"]
[WhiteElo "2526"]
[BlackElo "2653"]
[Annotator "TA"]
[PlyCount "93"]
[EventDate "2018.10.08"]
[EventCountry "ESP"]
[SourceTitle "playchess.com"]
[Source "ChessBase"]
[SourceQuality "1"]

{[%evp 9,93,45,68,68,64,69,75,64,107,106,93,87,140,137,162,159,169,123,147,158,152,117,152,115,191,105,105,115,154,53,62,61,53,59,67,53,64,22,38,21,49,41,65,43,50,36,17,0,0,0,0,-23,-22,-28,-20,-46,0,0,151,159,156,118,115,118,127,110,123,98,152,44,53,12,10,0,0,0,0,0,0,0,0,0,0,0,0,0]} 1. d4 Nf6 2. c4 Nc6 3. Nc3 e5 4. d5 Ne7 5. h4 d6 (5... h5 6. Bg5 Ng6 7. e3 Be7 8. Bd3 d6 9. Nf3 Nf8 10. Nd2 Ng4 11. Bxe7 Qxe7 12. Qe2 f5 {1-0 (65) Ivanchuk,V (2771)-Bauer,C (2664) Cap d'Agde 2012}) 6. e4 {A50: Queen's Fianchetto Defence (1 d4 Nf6 2 c4 b6)} g6 7. Be2 h6 $146 ({Predecessor:} 7... h5 8. Bg5 Bg7 9. Qd2 Nh7 10. Bh6 Bxh6 11. Qxh6 Ng8 12. Qe3 Ngf6 {1-0 (36) Sodoma,J (2338)-Blatny,P (2416) Czechia 2013}) 8. h5 {White is better.} g5 9. g4 c6 10. Be3 Bd7 ({Black should try} 10... b5) 11. f3 $16 Nc8 12. Qd2 Be7 13. Nh3 O-O 14. Nf2 Qe8 15. O-O a5 16. Rfd1 Bd8 (16... cxd5 $16 17. Nxd5 (17. cxd5 b5 $16) (17. exd5 Nh7 $16) 17... Nxd5 18. cxd5 (18. Qxd5 Bc6 $16) 18... Bd8) 17. Nh1 (17. dxc6 $18 Bxc6 18. Nh1) 17... cxd5 18. Nxd5 Be6 19. Bxg5 (19. Nc3 $16) 19... Nxe4 $1 $14 20. Bxd8 {Threatens to win with Nf6+.} Nxd2 21. Nf6+ Kg7 22. Nxe8+ Rxe8 23. Rxd2 (23. Bf6+ $5 Kxf6 24. Rxd2 $14) 23... Rxd8 24. Rad1 b5 25. cxb5 Bxa2 26. Ng3 {Nf5+ is the strong threat.} Be6 27. Rc1 d5 28. Rc6 Nd6 29. Kf2 Rab8 30. b6 Nc8 31. Nf5+ Bxf5 32. gxf5 {[%cal Bg4f5,Bf5f6][%mdl 32]} Rxb6 33. f6+ $1 Kf8 $2 {[#]} (33... Kg8 $11 34. Rc5 Rbd6) 34. Rxd5 $1 $16 {[%cal Rd5d8][%mdl 512]} Re8 (34... Rxd5 35. Rxc8+) 35. Rxb6 Nxb6 36. Rxa5 {[%mdl 4096] Endgame KRB-KRN} Re6 37. b4 Ke8 38. Ke3 Kd7 {[#]} (38... Kd8 $142) 39. Ra7+ (39. Ke4 $1 $16) 39... Kd6 $1 $14 40. Rxf7 (40. Ra6 $5 {[%cal Ra6b6]} Kc6 41. Ke4 $16) 40... Nd5+ {The position is equal.} 41. Kf2 {And now Bc4 would win.} (41. Kd2 {seems wilder.} Rxf6 42. Rb7 Rf4 43. Rh7 Rxb4 44. Rxh6+ Ke7 45. Ba6) 41... Rxf6 42. Rxf6+ (42. Rb7 {is more complex.} e4 43. Rb8 Rf5 44. Rg8 e3+ 45. Kg3) 42... Nxf6 $11 {KB-KN} 43. f4 exf4 44. b5 Kc5 45. Kf3 Nxh5 46. Bd3 Nf6 47. Kxf4 {Precision: White = 44%, Black = 47%.} 1/2-1/2

[Event "Ciutat Barcelona CAT-ARG 2018"]
[Site "Barcelona"]
[Date "2018.10.14"]
[Round "9"]
[White "Asis Gargatagli, Hipolito"]
[Black "Krysa, Leandro"]
[Result "1-0"]
[WhiteElo "2526"]
[BlackElo "2503"]
[Annotator "TA"]
[PlyCount "43"]
[EventDate "2018.10.08"]
[EventCountry "ESP"]
[SourceTitle "playchess.com"]
[Source "ChessBase"]
[SourceQuality "1"]

{[%evp 9,43,-52,-6,-8,10,1,8,4,8,3,80,69,120,92,147,164,121,109,111,106,510,517,502,517,491,515,509,508,493,483,585,591,1354,1349,1334,1309]} 1. e4 e5 2. f4 exf4 3. Nf3 Ne7 4. Qe2 (4. Bb5 c6 5. Ba4 d5 6. Qe2 d4 7. Bb3 Ng6 8. Qc4 Qe7 9. Qxd4 c5 10. Qd3 Nc6 11. O-O Be6 {0-1 (30) Svidler,P (2762)-Bacrot,E (2702) Porto Vecchio 2016}) 4... Ng6 5. d4 Be7 6. Nc3 {C34: King's Gambit Accepted: 3 Nf3: 3...Nf6 and 3...d6} O-O 7. Bd2 c6 $146 ({Predecessor:} 7... d6 8. O-O-O Nc6 9. Qf2 Re8 10. h4 Bg4 11. h5 Nf8 12. Bxf4 {1-0 (31) Jussupow,N (2147)-Bluhm,S (2155) Germany 2014}) 8. O-O-O {The position is equal.} d5 9. h4 {[%cal Bh2h4,Bh4h5][%mdl 32]} dxe4 (9... h5 $11) 10. Qxe4 $16 Re8 {[#]} ({Black should play} 10... Bd6 $14) 11. h5 $1 {[%cal Rh5g6]} Bd6 (11... Bb4 $142 12. Ne5 Nxe5 13. dxe5 Bxc3 14. Bxc3 Qg5) 12. hxg6 Rxe4 13. gxf7+ Kxf7 14. Nxe4 Bf5 $2 {[%mdl 8192]} (14... h6 $16 {is more resistant.}) 15. Bc4+ $18 {White is clearly winning.} Kf8 16. Nxd6 Qxd6 17. Rh4 b5 18. Bb3 a5 19. a3 Bg6 20. Re1 a4 21. Bb4 {[%cal Rb4d6] [#]} c5 22. dxc5 {Precision: White = 79%, Black = 22%.} 1-0

[Event "Ciutat Barcelona CAT-ARG 2018"]
[Site "Barcelona"]
[Date "2018.10.14"]
[Round "9"]
[White "Diaz Camallonga, Carles"]
[Black "Peralta, Fernando"]
[Result "0-1"]
[WhiteElo "2444"]
[BlackElo "2582"]
[Annotator "TA"]
[PlyCount "78"]
[EventDate "2018.10.08"]
[EventCountry "ESP"]
[SourceTitle "playchess.com"]
[Source "ChessBase"]
[SourceQuality "1"]

{[%evp 17,78,0,4,-15,28,31,22,28,22,33,25,27,40,13,32,0,20,-27,-16,-29,-11,-33,-33,-53,-62,-68,-43,-70,-64,-61,-47,-75,0,-35,-42,-40,-30,-39,-37,-52,-15,-20,-20,-20,-20,-20,-31,-48,-47,-61,0,0,0,-124,-118,-119,-89,-86,-76,-216,-25,-19,-13]} 1. e4 d6 2. d4 Nf6 3. Nc3 g6 4. Nf3 {[%cal Bg1f3,Bf3d2,Bd2c4][%mdl 32]} Bg7 5. Be2 O-O 6. O-O c6 7. h3 Nbd7 8. Bf4 Qa5 9. Nd2 {B08: Pirc Defence: Classical System} Qc7 {LiveBook: 8 Games} 10. Bg3 (10. a4 e5 11. Be3 Ng4 12. Bxg4 exd4 13. Bxd4 Bxd4 14. Nc4 Bc5 15. a5 Ne5 16. Nxe5 dxe5 17. Bxc8 Raxc8 {0-1 (57) Vallejo Pons,F (2698)-Gashimov,V (2733) Reggio Emilia 2011 CBM 140 [Gashimov,V]}) 10... e5 $146 ({Predecessor:} 10... b5 11. a3 a6 12. f4 Nb6 13. Nb3 Rb8 14. f5 gxf5 15. exf5 Bh6 16. Bd3 Nc4 17. Bxc4 bxc4 {1-0 (34) Solomunovic,I (2402)-Dmitrovic,T (2295) Kraljevo 2011}) 11. Nc4 {White has an edge.} Ne8 12. d5 Nb6 13. a4 Nxc4 14. Bxc4 Nf6 {[%cal Be8f6,Bf6h5,Bh5f4][%mdl 32]} 15. Qd3 Nh5 16. Bh2 a6 17. Rad1 c5 18. Qd2 Bd7 19. Be2 Nf4 $1 20. Bg4 f5 21. Bf3 fxe4 22. Bxe4 b5 23. axb5 axb5 24. Ne2 {[%cal Re2f4]} g5 ({Better is} 24... Ra4 $17 25. Nxf4 exf4) 25. Nxf4 exf4 26. c3 c4 27. Qc2 h6 28. Rfe1 Rae8 (28... b4 $5 29. Ra1 (29. cxb4 $2 Ba4 $19) 29... Qb7 $17) 29. Bg6 Rxe1+ 30. Rxe1 Qd8 31. f3 Qf6 32. Be4 {[#]} b4 $1 {[%cal Rb4c3][%mdl 512]} 33. cxb4 Bb5 (33... Qxb2 $15 34. Qxc4 Ra8) 34. Rb1 $11 Ra8 35. b3 (35. g3 $11 {remains equal.}) 35... c3 $17 36. Rd1 Qe7 37. Kh1 {[#]} Qa7 $1 38. g3 {[#]} (38. Bg6 $17) 38... fxg3 $2 (38... Qe3 $1 $19 39. Bg1 Qe2 40. Qxe2 Bxe2) 39. Bxg3 $11 Qe3 {[%mdl 32768] Precision: White = 41%, Black = 59%. . Loss on Time!?} 0-1